000
00258nam a2200121Ia 4500
100
_a
#N/A
942
_c
BK
245
_a
a course in international communication - speaking accurately
260
_b
#N/A
082
_b
21536
546
_a
ENGLISH
999
_c
18525
_d
18525